000 00754nam a2200241Ia 4500
003 OSt
005 20260303110057.0
008 210716s2008 xx 000 0 und d
020 _a9788182092167
040 _cAIMIT LIBRARY
041 _aeng
082 _a336.242
_bHARN
100 _aHariharan, N.
_9257419
245 _aIncome tax law and practice:
_bassessment year 2008-2009 /
_cBy N Hariharan.
250 _a3rd ed.
260 _aChennai :
_bVijay Nicole Imprints Pvt Ltd ,
_c2008.
300 _axviii,12.21,IDX9 p.;
_bPB
_c24 cm.
440 _aAssessment year 2008-09
_9257420
650 _aIncome from salary
_9257421
650 _aDepreciation
_9257422
650 _aIncome from capital gains
_9257423
942 _2ddc
_cBK
_e3
_k336.242 HARN
999 _c203292
_d203292